विनोबा भावे / (Record no. 147892)

MARC details
000 -LEADER
fixed length control field 00915nam a22002057a 4500
005 - DATE AND TIME OF LATEST TRANSACTION
control field 20171207152242.0
010 ## - LCCN (DPL NO)
LC control number BAC-05-12-17
020 ## - INTERNATIONAL STANDARD BOOK NUMBER
International Standard Book Number 9788188790173
Terms of availability 595.00
035 ## - SYSTEM CONTROL NUMBER
System control number B-381098-110
037 ## - SOURCE OF ACQUISITION
Source of stock number/acquisition के.के. पब्लिकेशन्स
037 ## - SOURCE OF ACQUISITION
Source of stock number/acquisition PUB/कल्पना प्रकाशन
082 ## - DEWEY DECIMAL CLASSIFICATION NUMBER
Classification number 920
100 ## - MAIN ENTRY--PERSONAL NAME
Personal name मनोज कुमार
245 ## - TITLE STATEMENT
Title विनोबा भावे /
Statement of responsibility, etc मनोज कुमार एवं रवि रंजन
260 ## - PUBLICATION, DISTRIBUTION, ETC. (IMPRINT)
Place of publication, distribution, etc दिल्ली
Name of publisher, distributor, etc कल्पना प्रकाशन
Date of publication, distribution, etc 2011
270 ## - ADDRESS
Address बी-1770, जहाँगीर पुरी(नजदीक स्टेट बैंक ऑफ इंडिया)
City दिल्ली
Postal code 110033
300 ## - PHYSICAL DESCRIPTION
Extent 226पृ.
Dimensions 22सेमी (सजिल्द)
700 ## - ADDED ENTRY--PERSONAL NAME
Personal name रंजन, रवि
9 (RLIN) 22308
942 ## - ADDED ENTRY ELEMENTS (KOHA)
Source of classification or shelving scheme Dewey Decimal Classification
Item type Hindi Books
Call number suffix भावेवि
Classification part 920

No items available.


© Delhi Public Library
Hit Counter
free hit counter